| 000 | 00621cam a2200181 a 4500 | ||
|---|---|---|---|
| 020 | _a9780896297838 (alk. paper) | ||
| 040 | _cDLC | ||
| 082 | 0 | 0 | _a330 IFR 2009 C152 Or. |
| 100 | 1 | _aBreisinger, Clemens. | |
| 245 | 1 | 0 |
_aSocial accounting matrices and multiplier analysis : _ban introduction with exercises / |
| 260 |
_aWashington, D.C. : _bInternational Food Policy Research Institute, _cc2009. |
||
| 300 |
_avii, 30 p. : _bill. ; _c26 cm. + _e1 CD-ROM (4 3/4 in.) |
||
| 490 | 0 | _aFood security in practice ; | |
| 650 | 0 | _aSocial accounting | |
| 700 | 1 | _aThomas, Marcelle. | |
| 700 | 1 | _aThurlow, James. | |
| 942 | _cAEDBB | ||
| 999 |
_c18741 _d18741 |
||